| 000 | 01228cam a2200349 4500 | ||
|---|---|---|---|
| 999 |
_c24126 _d24126 |
||
| 001 | vtls012071476 | ||
| 005 | 20260107134159.0 | ||
| 008 | 211004s2021 xo gr 000 f slo | ||
| 020 |
_a9788055178424 _q(brožované) |
||
| 040 |
_aTTKJF _bslo _cTTKJF _dSNK _erda |
||
| 041 | 1 |
_aslo _hfin |
|
| 044 |
_axo _cSK |
||
| 072 | 7 |
_a821.511.1 _xUgrofínske literatúry _2konspekt |
|
| 072 | 7 |
_a82-93 _xLiteratúra pre deti a mládež (beletria) _2konspekt |
|
| 080 |
_a821.511.111-31 _22011 |
||
| 100 | 1 |
_aBehm, Jukka, _d1973- _4aut _95387 |
|
| 240 | 1 | 0 |
_aPehmolelutyttö _lSlovensky |
| 245 | 1 | 0 |
_aPlyšová hračka _cJukka Behm ; preložila Zuzana Drábeková |
| 264 | 1 |
_aBratislava _bIkar, a. s. - Yoli _c2021 |
|
| 300 |
_a214 strán _c20 cm |
||
| 336 |
_atext _btxt _2rdacontent |
||
| 337 |
_abez média _bn _2rdamedia |
||
| 338 |
_azväzok _bnc _2rdacarrier |
||
| 500 | _aPreložené z fínštiny | ||
| 500 | _aObsahuje stručné biografické údaje o autorovi na záložke prebalu publikácie | ||
| 655 | 7 |
_afínske romány _2SNKPH _95388 |
|
| 655 | 7 |
_aliteratúra pre mládež _2SNKPH _93623 |
|
| 655 | 7 |
_aFinnish fiction _2SNKPHeng _95389 |
|
| 700 | 1 |
_aDrábeková, Zuzana, _d1958- _4trl _95390 |
|
| 958 | _aLX | ||
| 958 | _aUP | ||